000 00813nam a2200241 i 4500
001 106055
003 ES-MaACL
005 20251013212806.0
007 t|
008 060922s1975 fr ||||1| fre d
080 _a159.9 Wallon, Henri
100 1 _aZazzo, René.
_9118128
245 1 0 _aPsychologie et marxisme
_b: la vie et l'oeuvre de Henri Wallon /
_cRené Zazzo ; postface de Jean Piaget.
260 _a[Paris] :
_bDenoël/Gonthier,
_c[1975]
300 _a218 p. ;
_c18 cm.
490 1 _aBibliothèque médiations ;
_v132
500 _aBiblioteca Juan Andrade.
600 1 7 _aWallon, Henri,
_d1879-1962
_2
_9152275
700 1 _aPiaget, Jean,
_d1896-1980
_991738
830 0 _aBibliothèque médiations ;
_v132
_9185151
852 _aES-MaACL
_jAND-829
_bR.110121
999 _c106055
_d106055